6 Times Table Game - Statistics

General Stats
  • This quiz has been taken 1,807 times
    1,564 since last reset
  • The average score is 12 of 12
Answer Stats
Problem Answer % Correct
6 x 1 6
99%
6 x 2 12
98%
6 x 3 18
98%
6 x 4 24
98%
6 x 5 30
98%
6 x 10 60
98%
6 x 6 36
97%
6 x 7 42
97%
6 x 8 48
96%
6 x 9 54
96%
6 x 11 66
96%
6 x 12 72
96%
No matching quizzes found
Score Distribution
Percent of People with Each Score
Percentile by Number Answered
Your Score History
You have not taken this quiz since the last reset